000 00402pam a2200157a 44500
008 230515b1984 xxu||||| |||| 00| 0 eng d
020 _aNULL
041 _aENGLISH
082 _a630
100 _a2535-1978
245 _aSPECIFICATION FOR BASIC RACK AND MODULES OF CYLINDRICAL GEARS FOR GENERAL ENGG AND HEAVY ENGG
250 _a0
260 _aDELHI
_bISI
_c1984
300 _a12
650 _aNULL
999 _c652155
_d652155